Řízení vědeckotechnického pokroku

Gespeichert in:
Bibliographische Detailangaben
Format: Buch
Sprache:Tschechisch
Veröffentlicht: Praha Svoboda 1982
Tags: Tag hinzufügen
Keine Tags, Fügen Sie das erste Tag hinzu!

MARC

LEADER 00000nam a2200000 4500
001 c131410
005 20250701071907.0
041 0 |a cze 
044 |a CZ 
245 1 0 |a Řízení vědeckotechnického pokroku  |c Red. V. Lebedev 
264 1 |a Praha  |b Svoboda  |c 1982 
300 |a 273 s.